¿Qué es la orden de Odd Fellows? y fundamentos de la misma (Record no. 183313)

MARC details
000 -LEADER
campo de control de longitud fija 00598nam a2200145 i 4500
001 - NÚMERO DE CONTROL
campo de control 183313
003 - IDENTIFICADOR DE NÚMERO DE CONTROL
campo de control ES-MaACL
005 - FECHA Y HORA DE LA ÚLTIMA TRANSACCIÓN
campo de control 20230906221848.0
008 - DATOS DE LONGITUD FIJA--INFORMACIÓN GENERAL
campo de control de longitud fija 140317s1887 cu |||| | spa d
245 01 - MENCIÓN DEL TÍTULO
Título ¿Qué es la orden de Odd Fellows? y fundamentos de la misma
Resto del título : instrucciones publicadas por mandato del Grand Sire de la I. O. O. F. para uso de sus miembros y traducidos al castellano para conocimiento de sus afiliados en la Isla de Cuba.
260 ## - PUBLICACIÓN, DISTRIBUCIÓN, ETC.
Lugar de publicación, distribución, etc. Habana :
Nombre del editor, distribuidor, etc. García y Darreal,
Fecha de publicación, distribución, etc. 1887.
300 ## - DESCRIPCIÓN FÍSICA
Extensión 40 p. ;
Dimensiones 13 cm.
610 24 - PUNTO DE ACCESO ADICIONAL DE MATERIA--NOMBRE DE ENTIDAD CORPORATIVA
Nombre de entidad corporativa o nombre de jurisdicción como elemento de entrada Odd Fellows.
9 (RLIN) 154571
852 ## - LOCALIZACIÓN
Ubicación ES-MaACL
Número de control de estantería T-613-F-2
Holdings
Estatus retirado Estado de pérdida Estado de daño No para préstamo Colección Biblioteca de origen Biblioteca actual Ubicación en estantería Fecha de adquisición Fuente de adquisición Total de préstamos Signatura topográfica completa Código de barras Visto por última vez Precio de reemplazo Tipo de ítem Koha
        Colección de folletos Biblioteca del Ateneo de Madrid Biblioteca del Ateneo de Madrid Depósito folletos 17/03/2014     T-613-F-2 1192678 23/02/2023 23/02/2023 Folleto